[Event "GER-ch U25 op-A"]
[Site "Willingen"]
[Date "2024.05.22"]
[Round "5"]
[White "Mainka, Ingmar"]
[Black "Heimann, Alexander"]
[Result "1/2-1/2"]
[WhiteElo "1879"]
[BlackElo "1927"]
[PlyCount "65"]
[EventDate "2024.05.19"]
[EventType "swiss"]
[EventRounds "9"]
[EventCountry "GER"]
[SourceTitle "EXT 2025"]
[Source "ChessBase"]
[SourceDate "2024.10.14"]
[SourceVersion "1"]
[SourceVersionDate "2024.10.14"]
[SourceQuality "1"]

1. e4 c5 2. Nf3 e6 3. d4 cxd4 4. Nxd4 Nf6 5. Nc3 d6 6. Be3 Be7 7. Be2 a6 8. Nb3 Nbd7 9. f4 b6 10. Bf3 Bb7 11. Qd2 Qc7 12. 0-0 0-0 13. g4 Nc5 14. Nxc5 dxc5 15. Qg2 c4 16. e5 Bxf3 17. Rxf3 Nd7 18. g5 Bc5 19. Ne4 Rfd8 20. Kh1 Qc6 21. Rg3 Rac8 22. Bxc5 Nxc5 23. Nd6 Qxg2+ 24. Rxg2 Rc6 25. Nxc4 Rd4 26. Rd2 Rxd2 27. Nxd2 Na4 28. b3 Rxc2 29. bxa4 Rxd2 30. Rb1 b5 31. axb5 axb5 32. Rxb5 h6 33. gxh6 1/2-1/2

[Event "Berlin Spandau op"]
[Site "Berlin"]
[Date "2019.12.27"]
[Round "1"]
[White "Ahmadinia, Ebrahim"]
[Black "Heimann, Alexander"]
[Result "1-0"]
[WhiteElo "2460"]
[BlackElo "1819"]
[PlyCount "35"]
[EventDate "2019.12.27"]
[EventType "swiss"]
[EventRounds "7"]
[EventCountry "GER"]
[SourceTitle "CBM 194 Extra"]
[Source "ChessBase"]
[SourceDate "2020.03.31"]
[SourceVersion "1"]
[SourceVersionDate "2020.03.31"]
[SourceQuality "1"]

1. e4 c5 2. Nf3 e6 3. g3 a6 4. Bg2 b5 5. 0-0 Bb7 6. Qe2 d6 7. d4 cxd4 8. Nxd4 Nd7 9. Rd1 Ngf6 10. e5 Nd5 11. exd6 Qf6 12. Nxb5 axb5 13. Bxd5 Bxd5 14. Rxd5 b4 15. c3 b3 16. Na3 bxa2 17. Nb5 Kd8 18. Bg5 1-0

[Event "Berlin Spandau op"]
[Site "Berlin"]
[Date "2017.12.28"]
[Round "4"]
[White "Heimann, Alexander"]
[Black "Schreck, Robert"]
[Result "1/2-1/2"]
[WhiteElo "1748"]
[BlackElo "2008"]
[PlyCount "71"]
[EventDate "2017.12.27"]
[EventType "swiss"]
[EventRounds "7"]
[EventCountry "GER"]
[SourceTitle "CBM 182 Extra"]
[Source "ChessBase"]
[SourceDate "2018.02.23"]
[SourceVersion "1"]
[SourceVersionDate "2018.02.23"]
[SourceQuality "1"]

1. d4 Nf6 2. Bf4 g6 3. h3 Bg7 4. Nf3 c5 5. c3 Qb6 6. Qb3 Qxb3 7. axb3 cxd4 8. Nxd4 Nc6 9. Nxc6 dxc6 10. Nd2 0-0 11. e3 Nd7 12. Nc4 b6 13. Be2 Bb7 14. 0-0 Nc5 15. b4 Nd7 16. Rfd1 Nf6 17. Bg5 c5 18. bxc5 bxc5 19. Bxf6 Bxf6 20. Rd7 Rfb8 21. Rxb7 Rxb7 22. Bf3 Rab8 23. Bxb7 Rxb7 24. Ra5 Rc7 25. Kf1 Kf8 26. Ke2 Ke8 27. Kd3 Kd7 28. Ra6 Kc8 29. Na5 e6 30. Rc6 Rxc6 31. Nxc6 Kb7 32. Na5+ Kb6 33. Nc4+ Kc6 34. Nd2 Kb5 35. Ne4 Be7 36. Nd2 1/2-1/2

[Event "GER-chT North U12"]
[Site "Magdeburg"]
[Date "2012.09.08"]
[Round "6.1"]
[White "Focke, Adrian"]
[Black "Heimann, Alexander"]
[Result "1-0"]
[WhiteElo "1305"]
[BlackElo "1311"]
[PlyCount "121"]
[EventDate "2012.09.06"]
[EventType "team-swiss"]
[EventRounds "7"]
[EventCountry "GER"]
[SourceTitle "EXT 2015"]
[Source "ChessBase"]
[SourceDate "2014.11.20"]
[SourceVersion "1"]
[SourceVersionDate "2014.11.20"]
[SourceQuality "1"]
[WhiteTeam "Schwerin"]
[BlackTeam "Spandau Zitadelle"]
[WhiteTeamCountry "GER"]
[BlackTeamCountry "GER"]

1. e4 c5 2. Nf3 d6 3. d4 cxd4 4. Nxd4 Nf6 5. Nc3 g6 6. Be3 Bg7 7. Bc4 0-0 8. 0-0 Qc7 9. Bb3 a6 10. Re1 Nbd7 11. Nd5 Nxd5 12. Bxd5 Nf6 13. f3 Nxd5 14. exd5 Re8 15. c3 b5 16. Bf2 Bb7 17. Ne2 Qc4 18. Ng3 Qxd5 19. Qxd5 Bxd5 20. a3 Be6 21. Rad1 Rac8 22. Bd4 Bxd4+ 23. Rxd4 Rc4 24. Rxc4 Bxc4 25. Ne4 h6 26. Nf6+ Kf8 27. Nxe8 Kxe8 28. Kf2 Kd7 29. g3 f5 30. f4 e6 31. Ke3 h5 32. Kd4 Kc6 33. Rb1 Bb3 34. Rc1 Bc4 35. a4 Bb3 36. axb5+ axb5 37. Ra1 Kb7 38. Ra5 Bc4 39. b3 Bf1 40. c4 bxc4 41. bxc4 Bg2 42. c5 dxc5+ 43. Kxc5 Bd5 44. Kd6 Kb6 45. Rxd5 exd5 46. Kxd5 Kb5 47. Ke6 Kc5 48. Kf6 Kd5 49. Kxg6 h4 50. Kxf5 hxg3 51. hxg3 Kd4 52. Ke6 Ke4 53. f5 Kf3 54. f6 Kxg3 55. f7 Kg4 56. f8Q Kh5 57. Qg7 Kh4 58. Kf5 Kh3 59. Kf4 Kh2 60. Kf3 Kh1 61. Qg2# 1-0

[Event "GER-chT North U12"]
[Site "Magdeburg"]
[Date "2012.09.08"]
[Round "5.1"]
[White "Heimann, Alexander"]
[Black "Amler, Nick"]
[Result "1-0"]
[WhiteElo "1311"]
[BlackElo "1232"]
[PlyCount "137"]
[EventDate "2012.09.06"]
[EventType "team-swiss"]
[EventRounds "7"]
[EventCountry "GER"]
[SourceTitle "EXT 2015"]
[Source "ChessBase"]
[SourceDate "2014.11.20"]
[SourceVersion "1"]
[SourceVersionDate "2014.11.20"]
[SourceQuality "1"]
[WhiteTeam "Spandau Zitadelle"]
[BlackTeam "Delmenhorst"]
[WhiteTeamCountry "GER"]
[BlackTeamCountry "GER"]

1. d4 d5 2. c4 e6 3. Nc3 Nf6 4. cxd5 Nxd5 5. e4 Nf6 6. Bg5 Bb4 7. e5 Nbd7 8. exf6 gxf6 9. Be3 e5 10. a3 Ba5 11. b4 Bb6 12. g3 Nf8 13. Nge2 Bg4 14. Bg2 exd4 15. Bxd4 Bxd4 16. Qxd4 Qxd4 17. Nxd4 0-0-0 18. Nde2 Ne6 19. f3 Bf5 20. 0-0 Rhe8 21. Kf2 Bd3 22. Rad1 Bxe2 23. Rxd8+ Rxd8 24. Nxe2 Rd2 25. Ra1 Nd4 26. Ke3 Rxe2+ 27. Kxd4 Rxg2 28. Ke4 Rxh2 29. g4 Kd7 30. Kf5 Rf2 31. Rd1+ Kc6 32. f4 Rf3 33. Rh1 Rxa3 34. Kxf6 Ra4 35. Rc1+ Kd7 36. Kxf7 Rxb4 37. Rd1+ Kc6 38. Rf1 a5 39. f5 Rxg4 40. Rc1+ Kd6 41. Ra1 b6 42. Rd1+ Ke5 43. f6 Rg6 44. Re1+ Kd6 45. Rd1+ Kc6 46. Ke7 a4 47. f7 Rg7 48. Rc1+ Kb5 49. Rg1 Rxf7+ 50. Kxf7 c5 51. Ke6 Ka5 52. Kd6 c4 53. Kd5 b5 54. Kc5 a3 55. Kd4 Ka4 56. Kc3 h5 57. Rg6 Ka5 58. Rg5 h4 59. Rh5 Ka4 60. Rh6 Ka5 61. Rxh4 b4+ 62. Kxc4 Ka4 63. Rh6 Ka5 64. Rh5+ Ka4 65. Rh6 Ka5 66. Kb3 Kb5 67. Rh5+ Kc6 68. Kxb4 a2 69. Rh1 1-0

[Event "GER-chT North U12"]
[Site "Magdeburg"]
[Date "2012.09.06"]
[Round "1.1"]
[White "Hoffmann, Simon"]
[Black "Heimann, Alexander"]
[Result "0-1"]
[WhiteElo "926"]
[BlackElo "1311"]
[PlyCount "120"]
[EventDate "2012.09.06"]
[EventType "team-swiss"]
[EventRounds "7"]
[EventCountry "GER"]
[SourceTitle "EXT 2015"]
[Source "ChessBase"]
[SourceDate "2014.11.20"]
[SourceVersion "1"]
[SourceVersionDate "2014.11.20"]
[SourceQuality "1"]
[WhiteTeam "Magdeburg USC"]
[BlackTeam "Spandau Zitadelle"]
[WhiteTeamCountry "GER"]
[BlackTeamCountry "GER"]

1. e4 c5 2. Nf3 Nc6 3. Bc4 d6 4. h3 Nf6 5. d3 g6 6. 0-0 Bg7 7. Nc3 a6 8. Nd5 Nxd5 9. exd5 Ne5 10. Nxe5 Bxe5 11. Bh6 b5 12. Bb3 Bxb2 13. Rb1 Bd4 14. Qd2 b4 15. Ba4+ Bd7 16. Bxd7+ Qxd7 17. Rb3 Qf5 18. a3 a5 19. Qe2 Qe5 20. Qxe5 Bxe5 21. Re1 Bf6 22. Bd2 Kd7 23. c3 a4 24. Rbb1 b3 25. g4 Rhe8 26. Re4 e6 27. dxe6+ Rxe6 28. Rxe6 fxe6 29. g5 Bg7 30. Kg2 Rf8 31. f4 d5 32. Kf3 e5 33. c4 dxc4 34. dxc4 exf4 35. Bxf4 Be5 36. Ke4 Bxf4 37. Rd1+ Bd6 38. Kd3 Rf3+ 39. Kd2 Rxh3 40. Ke2 Rc3 41. Rd2 Rxc4 42. Kd3 Rd4+ 43. Kc3 Rxd2 44. Kxd2 Kc6 45. Kc3 Kb5 46. Kd3 c4+ 47. Kc3 Bxa3 48. Kd2 Kb4 49. Kd1 c3 50. Ke2 b2 51. Ke3 b1Q 52. Kf4 Bc1+ 53. Kg4 Qf5+ 54. Kg3 Qxg5+ 55. Kf3 Qf4+ 56. Kg2 Be3 57. Kh3 c2 58. Kg2 c1R 59. Kh3 Qf3+ 60. Kh4 Rh1# 0-1